Helter Skelter Lyrics - The Beatles - Statistics

General Stats
  • This quiz has been taken 520 times
  • The average score is 209 of 259
Answer Stats
Lyrics % Correct
I
99%
(I)
99%
the
99%
to
99%
a
97%
get
97%
go
97%
Go,
97%
When
97%
bottom
96%
back
95%
of
95%
top
95%
you
95%
you,
95%
you?
95%
You
95%
Helter
93%
Skelter
93%
Skelter!
93%
slide
92%
and
91%
And
91%
Do
90%
do
90%
me
89%
me,
89%
ride
89%
for
88%
see
88%
again
87%
again!
87%
love
86%
want
85%
no
83%
but
82%
be
81%
don't
81%
Yeah,
81%
yeah,
81%
yeah!
81%
Yeah
81%
dancer
78%
down
78%
ain't
77%
Tell
77%
tell
77%
I'm
76%
fast,
75%
fast
75%
fast!
75%
coming
74%
Coming
74%
on,
73%
(on)
73%
answer
72%
answer!
72%
lover,
72%
lover
72%
may
72%
above
71%
miles
66%
come
64%
turn
61%
stop
60%
Well,
60%
break
59%
let
59%
make
56%
(my)
55%
(got)
49%
Oh,
49%
she
49%
Where
48%
will
48%
out!
47%
(fingers)
46%
Look
46%
won't
46%
your
46%
(blisters)
45%
is!
44%
is
44%
Yes,
44%
Till
41%
hear
38%
She's
31%
Can
30%
here
28%
'Cause
25%
comes
24%
Ooh!
21%
Woo!
17%
speaking?
2%
No matching quizzes found
Score Distribution
Percent of People with Each Score
Percentile by Number Answered
Your Score History
You have not taken this quiz